1807 1653 1975 1214 1348 1528 1911 1020 1562 1319 1728 1164 1869 1783 1914 1001 1545 1915 1381 1207 1722 1575 1280 1250 1132 1591 1900 1425 1609 1752 1464 1243 1409 1529 1286 1520 1471 1641 1690 1595 1460 1682 1942 1127 1314 1073 1634 1787 1476 1834 1051 1771 1448 1274 1302 1961 1053 1122 1749 1546 1129 1842 1937 1807 1944 1174 1994 1517 1356 1579 1660 1420 1181 1708 1792 1994 1873 1685 1463 1222 1132 1402 1341 1567 1711 1355 1686 1082 1318 1798 1044 1031 1626 1727 1208 1495 1344 1466 1817 BCNSPRNW ULIB Ver.6.0+V

เปลี่ยนเป็นภาษาไทย

Change to English
 แสดงรายละเอียดบรรณานุกรม
  กลับหน้าหลัก

Brief Record : Get Marc (ISO 2709) : E-mail record : QR code < ปิดหน้าต่าง
LEADER : 00000nam 2200000uu 4500
001    13399122066
003     ULIB
008    121224s2554||||th 000 0 tha d
020    ^a9786165070386(ล.5)
060  4 ^aWS103^bM111พ ล.5
100 0  ^aสดุดี พิมล
245 00 ^aพัฒนาการวัยเตาะแตะ เล่ม 5 (ลูกน้อยในบ้านช่วงวัย 13-36 เดือน) ^cแปลและเรียบเรียงโดย สดุดี พิมล
250    ^aพิมพ์ครั้งที่ 1
260    ^aกรุงเทพฯ^bสำนักพิมพ์หมอชาวบ้าน^c2554
300    ^a352 หน้า
650  7 ^aเด็กก่อนวัยเข้าเรียน
650  7 ^aพัฒนาการเด็ก
700 0  ^aสดุดี พิมล,^eแปลและเรียบเรียง
945    ^p250^l0^i033327
945    ^p250^l0^i033328
995    ^a เกษร
999    ^aใช้งานได้ทุกระบบ
รายการนี้ยังไม่มีแท็ก
คุณยังไม่ได้ล็อกอิน คุณสามารถมีกิจกรรมร่วมกับเว็บไซต์ได้ แต่ต้องล็อกอินก่อน ::
  ล็อกอิน

รายการสื่อสารสนเทศ

ลำดับที่ ประเภท เลขเรียก/บาร์โค้ด สถานที่ สถานะ
1. วิทยาศาสตร์การแพทย์ และสุขภาพ
หนังสือสำรอง
สถานะ=หนังสือสำรอง
WS103 M111พ ล.5 ฉ.1 
  Barcode: 033327
ห้องสมุดวิทยาเขตสวรรค์ประชารักษ์
►ส่วนจัดเก็บหนังสือเก่า สปร
บนชั้น
  ขอยืม
2. วิทยาศาสตร์การแพทย์ และสุขภาพ
วิทยาศาสตร์การแพทย์ และสุขภาพ
WS103 M111พ ล.5 ฉ.2 
  Barcode: 033328
ห้องสมุดวิทยาเขตสวรรค์ประชารักษ์
►ส่วนจัดเก็บหนังสือเก่า สปร
บนชั้น
  ขอยืม

รายการใกล้เคียง
    ผู้แต่ง [สดุดี พิมล]

    หัวเรื่อง [เด็กก่อนวัยเข้าเรียน]
    หัวเรื่อง [พัฒนาการเด็ก]

BibComment


ยังไม่เคยถูกคอมเมนท์

คอมเมนท์ทรัพยากรรายการนี้
  คอมเมนท์: พัฒนาการวัยเตาะแ..


 Copyright 2026. Bcnsprnw @Library